The wealth creators (Record no. 61547)

MARC details
000 -LEADER
fixed length control field 00599nam a2200181 a 4500
008 - FIXED-LENGTH DATA ELEMENTS--GENERAL INFORMATION
fixed length control field 120416s1991 ||||||||||||||||| || u
020 ## - INTERNATIONAL STANDARD BOOK NUMBER
International Standard Book Number 074940373X
050 ## - LIBRARY OF CONGRESS CALL NUMBER
Classification number HF 5386 Kak
100 ## - MAIN ENTRY--PERSONAL NAME
Personal name Kakabadse, Andrew
245 14 - TITLE STATEMENT
Title The wealth creators
246 ## - VARYING FORM OF TITLE
Title proper/short title top people, top teams and executive practice
260 ## - PUBLICATION, DISTRIBUTION, ETC.
Place of publication, distribution, etc. London
Name of publisher, distributor, etc. Kogan Page
Date of publication, distribution, etc. 1991
300 ## - PHYSICAL DESCRIPTION
Extent 229p. : ill
350 ## - PRICE (NR) (BK AM CF MU VM SE) [OBSOLETE]
Price 0.00
650 #0 - SUBJECT ADDED ENTRY--TOPICAL TERM
Topical term or geographic name entry element MANAGEMENT
650 #0 - SUBJECT ADDED ENTRY--TOPICAL TERM
Topical term or geographic name entry element BUSINESS
995 ## - RECOMMENDATION 995 [LOCAL, UNIMARC FRANCE]
-- 0.00
-- CBU-MAIN LIBRARY (Kitwe)
-- 1
-- 11.95
-- 1
-- AVAILABLE
-- Main Library Open Access Collection
Holdings
Withdrawn status Lost status Source of classification or shelving scheme Damaged status Not for loan Home library Current library Shelving location Date acquired Total Checkouts Full call number Barcode Date last seen Date last checked out Price effective from Koha item type
          CBU-MAIN LIBRARY, KITWE. CBU-MAIN LIBRARY, KITWE.   11/30/2022 1 HF 5386 Kak 004857 04/29/2025 04/08/2025 11/30/2022 MONOGRAPH